Africa by Picture - Statistics

General Stats
  • This quiz has been taken 24 times
  • The average score is 7 of 12
Answer Stats
Picture Hint Answer % Correct
Lake Lake Victoria
91%
River Nile
91%
Island Group Seychelles
91%
Mountain Kilimanjaro
82%
City Cape Town
77%
Country Botswana
73%
Tribe Maasai
59%
Country Sao Tome and Principe
59%
National Park Serengeti
59%
City Dakar
36%
Monument African Renaissance Monument
9%
Landmark Sudan Meroe Pyramids
5%
No matching quizzes found
Score Distribution
Percent of People with Each Score
Percentile by Number Answered
Your Score History
You have not taken this quiz